| 000 | 00843nam a22002417a 4500 | ||
|---|---|---|---|
| 999 |
_c20191 _d20191 |
||
| 003 | AR-CdUCM | ||
| 008 | 190527b ||||| |||| 00| 0 eng d | ||
| 020 | _a968-6046-09-7 | ||
| 040 |
_aMUNICIPALIDAD PROVINCIAL DEL CUSCO _cBIBLIOTECA MUNICIPAL DEL CUSCO |
||
| 041 | _heng | ||
| 082 |
_a621.8 / _bS47 _22ed. |
||
| 100 |
_aShigley, Joseph Edward _942205 |
||
| 245 | _aDiseño en ingeniería mecánica / | ||
| 260 |
_aMexico: _bMcGraw-Hill, _c1980. |
||
| 300 |
_a785 páginas _c24 cm. _bFiguras |
||
| 505 | _aContenido: Fundamentos del diseño mecánico -- Diseño de elementos mecánicos. | ||
| 650 |
_aAnálisis del esfuerzo _942206 |
||
| 650 |
_aAnálisis de la deformación _942207 |
||
| 650 |
_aElementos mecánicos _942208 |
||
| 700 |
_aGarza Cárdenas, Armando (traductor) _923200 |
||
| 942 |
_2ddc _cLIBROS |
||
| 945 | _aJavier | ||